[Event "WchT Seniors 50"]
[Site "Acqui Terme"]
[Date "2022.06.20"]
[Round "1.1"]
[White "Arkell, Keith C"]
[Black "Harstad, Christian"]
[Result "1-0"]
[WhiteElo "2390"]
[BlackElo "1857"]
[PlyCount "51"]
[EventDate "2022.06.20"]
[EventType "team-swiss"]
[EventRounds "9"]
[EventCountry "ITA"]
[SourceTitle "CBM 209 Extra"]
[Source "ChessBase"]
[SourceDate "2022.09.30"]
[SourceVersion "1"]
[SourceVersionDate "2022.09.30"]
[SourceQuality "1"]
[WhiteTeam "England 50"]
[BlackTeam "Oslo Schakselskap 50"]
[WhiteTeamCountry "ENG"]
[BlackTeamCountry "NOR"]

1. Nf3 c5 2. b3 Nf6 3. Bb2 e6 4. g3 b6 5. Bg2 Bb7 6. 0-0 Be7 7. c4 0-0 8. Nc3 d5 9. cxd5 exd5 10. d4 Nc6 11. Rc1 Rc8 12. dxc5 bxc5 13. Na4 Nb4 14. Bxf6 gxf6 15. Qd2 d4 16. Bh3 Qd5 17. Bxc8 Rxc8 18. Rfe1 Bd8 19. Nxc5 Rxc5 20. Qxb4 Rxc1 21. Rxc1 Bb6 22. Rd1 Ba6 23. Qe7 d3 24. Qxf6 Qh5 25. exd3 Bb7 26. Qg5+ 1-0

[Event "WchT Seniors 50"]
[Site "Prague"]
[Date "2020.03.10"]
[Round "5.11"]
[White "Harstad, Christian"]
[Black "Taborska, Veronika"]
[Result "0-1"]
[WhiteElo "1854"]
[BlackElo "1995"]
[PlyCount "40"]
[EventDate "2020.03.06"]
[EventType "team-swiss"]
[EventRounds "7"]
[EventCountry "CZE"]
[SourceTitle "CBM 195 Extra"]
[Source "ChessBase"]
[SourceDate "2020.05.31"]
[SourceVersion "1"]
[SourceVersionDate "2020.05.31"]
[SourceQuality "1"]
[WhiteTeam "Norway 50 II"]
[BlackTeam "Czech Republic 50 (W)"]
[WhiteTeamCountry "NOR"]
[BlackTeamCountry "CZE"]

1. d4 d5 2. c4 e6 3. Nc3 c6 4. e3 Nf6 5. Nf3 Bd6 6. Qc2 Nbd7 7. g4 dxc4 8. g5 Nd5 9. Bxc4 N7b6 10. Be2 Qe7 11. Bd2 Nxc3 12. Bxc3 Nd5 13. 0-0-0 Bd7 14. h4 Nxc3 15. Qxc3 0-0-0 16. Kb1 Kb8 17. Rc1 f6 18. Nd2 e5 19. Nc4 exd4 20. Qxd4 Bf5+ 0-1

[Event "WchT Seniors 50"]
[Site "Prague"]
[Date "2020.03.08"]
[Round "3.18"]
[White "Harstad, Christian"]
[Black "Jhunjhnuwala, Suresh"]
[Result "1/2-1/2"]
[WhiteElo "1854"]
[BlackElo "1864"]
[PlyCount "95"]
[EventDate "2020.03.06"]
[EventType "team-swiss"]
[EventRounds "7"]
[EventCountry "CZE"]
[SourceTitle "CBM 195 Extra"]
[Source "ChessBase"]
[SourceDate "2020.05.31"]
[SourceVersion "1"]
[SourceVersionDate "2020.05.31"]
[SourceQuality "1"]
[WhiteTeam "Norway 50 II"]
[BlackTeam "United States 50 III"]
[WhiteTeamCountry "NOR"]
[BlackTeamCountry "USA"]

1. d4 d5 2. c4 c6 3. Nf3 Nf6 4. Nc3 Bf5 5. Qb3 Bc8 6. cxd5 Nxd5 7. e4 Nxc3 8. bxc3 e6 9. Be2 Be7 10. Be3 Nd7 11. e5 c5 12. d5 exd5 13. Qxd5 Nb6 14. Qe4 Qd5 15. Qf4 h6 16. 0-0 0-0 17. Rfd1 Qe6 18. Bd3 Qg4 19. Qe4 Qxe4 20. Bxe4 Rb8 21. Nd2 Na4 22. Rdc1 b5 23. f4 Rd8 24. Nb3 Bb7 25. Bxb7 Rxb7 26. c4 Rd3 27. Bf2 b4 28. Kf1 Rc7 29. Rd1 Rcd7 30. Rxd3 Rxd3 31. Ke2 Rc3 32. Rc1 Rxc1 33. Nxc1 Nc3+ 34. Kd3 Kf8 35. Nb3 Na4 36. f5 Ke8 37. f6 gxf6 38. exf6 Bd6 39. Be3 Kd7 40. Bxh6 Bxh2 41. Bc1 Ke6 42. a3 bxa3 43. Bxa3 Bd6 44. Ke4 Nc3+ 45. Kd3 Na4 46. Ke4 Nc3+ 47. Kd3 Na4 48. Ke4 1/2-1/2

[Event "WchT Seniors 50"]
[Site "Prague"]
[Date "2020.03.07"]
[Round "2.6"]
[White "Barron, Michael"]
[Black "Harstad, Christian"]
[Result "1-0"]
[WhiteElo "2075"]
[BlackElo "1854"]
[PlyCount "89"]
[EventDate "2020.03.06"]
[EventType "team-swiss"]
[EventRounds "7"]
[EventCountry "CZE"]
[SourceTitle "CBM 195 Extra"]
[Source "ChessBase"]
[SourceDate "2020.05.31"]
[SourceVersion "1"]
[SourceVersionDate "2020.05.31"]
[SourceQuality "1"]
[WhiteTeam "Canada 50"]
[BlackTeam "Norway 50 II"]
[WhiteTeamCountry "CAN"]
[BlackTeamCountry "NOR"]

1. e4 c5 2. Nf3 d6 3. d4 cxd4 4. Nxd4 Nf6 5. f3 g6 6. c4 Bg7 7. Be3 0-0 8. Nc3 Nc6 9. Qd2 Bd7 10. Be2 Qa5 11. 0-0 Rfc8 12. Rfd1 Ne5 13. b3 a6 14. Rac1 Rab8 15. Rc2 Qd8 16. h3 Nc6 17. a4 Nh5 18. Nd5 e5 19. Nxc6 bxc6 20. Nc3 Be6 21. Rb2 Nf4 22. Bf1 Qa5 23. Kh2 Rd8 24. b4 Qc7 25. a5 d5 26. Bb6 Rxb6 27. axb6 Qxb6 28. cxd5 cxd5 29. Na4 Qa7 30. Nc5 Bf6 31. Qf2 d4 32. g3 Nh5 33. Bxa6 Bg5 34. Bf1 Qe7 35. Nxe6 fxe6 36. Kg2 Be3 37. Qe1 Rf8 38. b5 Qg5 39. b6 Nf4+ 40. Kh2 Nh5 41. h4 Qf6 42. Be2 g5 43. g4 Qf4+ 44. Kh3 gxh4 45. gxh5 1-0

[Event "WchT Seniors 50"]
[Site "Rhodes"]
[Date "2019.04.21"]
[Round "6.8"]
[White "Jackson, Sheila"]
[Black "Harstad, Christian"]
[Result "1-0"]
[WhiteElo "2051"]
[BlackElo "1911"]
[PlyCount "71"]
[EventDate "2019.04.16"]
[EventType "team-swiss"]
[EventRounds "9"]
[EventCountry "GRE"]
[SourceTitle "CBM 190 Extra"]
[Source "ChessBase"]
[SourceDate "2019.07.15"]
[SourceVersion "1"]
[SourceVersionDate "2019.07.15"]
[SourceQuality "1"]
[WhiteTeam "England II"]
[BlackTeam "Oslo Schakselskap"]
[WhiteTeamCountry "ENG"]
[BlackTeamCountry "NOR"]

1. e4 c5 2. c3 Nf6 3. e5 Nd5 4. d4 cxd4 5. Nf3 e6 6. cxd4 Nc6 7. a3 d6 8. Bc4 Be7 9. 0-0 0-0 10. Re1 Qc7 11. Nbd2 Bd7 12. exd6 Bxd6 13. Ne4 Rac8 14. Bd3 f5 15. Nxd6 Qxd6 16. Bd2 a5 17. Rc1 Rb8 18. Bc4 b5 19. Bb3 a4 20. Bxd5 Qxd5 21. Bf4 Rbc8 22. Rc5 Qa2 23. Qc2 b4 24. axb4 Nxb4 25. Qd2 Nd5 26. Be5 Rxc5 27. dxc5 Qc4 28. Rc1 Qb4 29. c6 Qxd2 30. Nxd2 Bc8 31. c7 Ba6 32. Rc6 Bc8 33. Nc4 Bd7 34. Rd6 Bc8 35. Rd8 Ba6 36. Bd6 1-0

[Event "Mare di Fano op 6th"]
[Site "Fano"]
[Date "2017.07.30"]
[Round "2"]
[White "Harstad, Christian"]
[Black "Szukics, Adam"]
[Result "0-1"]
[WhiteElo "1970"]
[BlackElo "2269"]
[PlyCount "80"]
[EventDate "2017.07.29"]
[EventType "swiss"]
[EventRounds "9"]
[EventCountry "ITA"]
[SourceTitle "EXT 2018"]
[Source "ChessBase"]
[SourceDate "2017.10.13"]
[SourceVersion "1"]
[SourceVersionDate "2017.10.13"]
[SourceQuality "1"]

1. d4 d5 2. c4 c6 3. Nf3 Nf6 4. Nc3 e6 5. Bg5 Nbd7 6. e3 Qa5 7. cxd5 Nxd5 8. Qd2 Bb4 9. Rc1 h6 10. Bh4 0-0 11. Bd3 e5 12. 0-0 Re8 13. dxe5 Nxc3 14. bxc3 Ba3 15. Rce1 Nxe5 16. Nxe5 Qxe5 17. f4 Qh5 18. Bg3 Bg4 19. e4 Rad8 20. Qc2 Qc5+ 21. Kh1 Qd6 22. Bc4 b5 23. Bb3 Bc5 24. f5 Qd3 25. Qc1 Rxe4 26. Rxe4 Qxe4 27. Bc2 Qe2 28. Re1 Qd2 29. Qxd2 Rxd2 30. Be4 Rxa2 31. Bxc6 a6 32. Be4 a5 33. h3 Be2 34. Kh2 a4 35. Be5 a3 36. f6 gxf6 37. Bxf6 Rd2 38. c4 b4 39. Bb1 Bd6+ 40. Kh1 a2 0-1

[Event "Mare di Fano op 6th"]
[Site "Fano"]
[Date "2017.07.29"]
[Round "1"]
[White "Ivanov, Mike"]
[Black "Harstad, Christian"]
[Result "1-0"]
[WhiteElo "2286"]
[BlackElo "1970"]
[PlyCount "63"]
[EventDate "2017.07.29"]
[EventType "swiss"]
[EventRounds "9"]
[EventCountry "ITA"]
[SourceTitle "EXT 2018"]
[Source "ChessBase"]
[SourceDate "2017.10.13"]
[SourceVersion "1"]
[SourceVersionDate "2017.10.13"]
[SourceQuality "1"]

1. e4 e5 2. Nf3 Nc6 3. Nc3 Nf6 4. Bb5 Bb4 5. 0-0 0-0 6. d3 Bxc3 7. bxc3 d6 8. h3 h6 9. Re1 Bd7 10. d4 Re8 11. Bd3 a6 12. a4 Na5 13. Ba3 Qc8 14. c4 c5 15. d5 Bxa4 16. Bb2 b5 17. Nh4 Rb8 18. Bc3 Nb7 19. f4 Qd7 20. Nf5 bxc4 21. Bxc4 Bb5 22. Bxb5 axb5 23. fxe5 dxe5 24. Ra6 Qd8 25. Qf3 b4 26. Bd2 Re6 27. Nxh6+ gxh6 28. dxe6 Qxd2 29. exf7+ Kf8 30. Rd1 Qxc2 31. Rxf6 b3 32. Rxh6 1-0

[Event "Copenhagen Challenge"]
[Site "Ballerup"]
[Date "2017.05.13"]
[Round "6"]
[White "Reimanis, Ritvars"]
[Black "Harstad, Christian"]
[Result "1-0"]
[WhiteElo "2302"]
[BlackElo "1979"]
[PlyCount "73"]
[EventDate "2017.05.10"]
[EventType "swiss"]
[EventRounds "9"]
[EventCountry "DEN"]
[SourceTitle "CBM 178 Extra"]
[Source "ChessBase"]
[SourceDate "2017.06.22"]
[SourceVersion "1"]
[SourceVersionDate "2017.06.22"]
[SourceQuality "1"]

1. d4 Nf6 2. c4 g6 3. f3 Bg7 4. e4 d6 5. Ne2 0-0 6. Be3 c5 7. d5 e6 8. Nec3 exd5 9. cxd5 Re8 10. Be2 h5 11. Nd2 a6 12. a4 Nh7 13. Nc4 f5 14. Bd3 Qf6 15. 0-0 f4 16. e5 Qf8 17. Bf2 Rxe5 18. Nxe5 Bxe5 19. Bxg6 Qf6 20. Bxh7+ Kxh7 21. Re1 Bf5 22. Ne4 Bxe4 23. Rxe4 Nd7 24. Rb1 Rg8 25. Re2 Qg5 26. Be1 Bd4+ 27. Kh1 h4 28. Bc3 Be3 29. Bd2 h3 30. Bxe3 hxg2+ 31. Kg1 Ne5 32. Qc2+ Kh8 33. Rxg2 Nxf3+ 34. Kh1 Qxd5 35. Rxg8+ Kxg8 36. Qg2+ Kh8 37. Bxf4 1-0

[Event "Copenhagen Challenge"]
[Site "Ballerup"]
[Date "2017.05.10"]
[Round "1"]
[White "Harstad, Christian"]
[Black "Englert, Fabian"]
[Result "0-1"]
[WhiteElo "1979"]
[BlackElo "2375"]
[PlyCount "106"]
[EventDate "2017.05.10"]
[EventType "swiss"]
[EventRounds "9"]
[EventCountry "DEN"]
[SourceTitle "CBM 178 Extra"]
[Source "ChessBase"]
[SourceDate "2017.06.22"]
[SourceVersion "1"]
[SourceVersionDate "2017.06.22"]
[SourceQuality "1"]

1. d4 d5 2. c4 e6 3. Nc3 a6 4. c5 e5 5. Be3 Nc6 6. Nf3 e4 7. Nd2 Nge7 8. Nb3 Nf5 9. Qd2 Be7 10. f3 Nxe3 11. Qxe3 f5 12. f4 g5 13. g3 gxf4 14. Qxf4 Bg5 15. Qf2 0-0 16. h4 Bh6 17. e3 a5 18. a3 b6 19. cxb6 cxb6 20. Bb5 Qd6 21. Qe2 Kh8 22. Rg1 Bd7 23. 0-0-0 Na7 24. Bxd7 Qxd7 25. Rde1 a4 26. Na1 Rfc8 27. Nc2 Rxc3 28. bxc3 Rc8 29. g4 f4 30. exf4 Bxf4+ 31. Kb2 Nb5 32. Ref1 Nxc3 33. Qa6 Qc7 34. Rg2 Bh6 35. Rf7 Nd1+ 36. Kb1 Qc3 37. Qb5 Qb3+ 38. Qxb3 axb3 39. g5 bxc2+ 40. Kc1 Bg7 41. Rxc2 Rxc2+ 42. Kxc2 Kg8 43. Rd7 Ne3+ 44. Kd2 Bxd4 45. h5 Nf1+ 46. Ke1 Ng3 47. Rxd5 Bc5 48. Rd8+ Kf7 49. Rd7+ Ke6 50. Rxh7 e3 51. Rh6+ Kf5 52. Rh8 Bxa3 53. Rc8 Bb4+ 0-1

[Event "Oslo op"]
[Site "Fornebu"]
[Date "2016.10.06"]
[Round "9"]
[White "Harstad, Christian"]
[Black "Rishovd, Svein"]
[Result "0-1"]
[WhiteElo "1962"]
[BlackElo "2101"]
[PlyCount "43"]
[EventDate "2016.09.30"]
[EventType "swiss"]
[EventRounds "9"]
[EventCountry "NOR"]
[SourceTitle "EXT 2017"]
[Source "ChessBase"]
[SourceDate "2016.10.25"]
[SourceVersion "1"]
[SourceVersionDate "2016.10.25"]
[SourceQuality "1"]

1. d4 d5 2. c4 dxc4 3. e4 Nf6 4. e5 Nd5 5. Bxc4 Nb6 6. Bb5+ Bd7 7. Bxd7+ Qxd7 8. Nf3 e6 9. Be3 Nc6 10. a3 Be7 11. Nc3 h6 12. Qc2 0-0-0 13. 0-0 f5 14. exf6 gxf6 15. Rfd1 Nd5 16. Rac1 Rdg8 17. b4 Bd6 18. b5 Qg7 19. Ne1 Nce7 20. a4 Qg4 21. Qe4 h5 22. Nxd5 0-1

[Event "Oslo op"]
[Site "Fornebu"]
[Date "2016.10.01"]
[Round "2"]
[White "Hauge, Lars Oskar"]
[Black "Harstad, Christian"]
[Result "1-0"]
[WhiteElo "2385"]
[BlackElo "1962"]
[PlyCount "50"]
[EventDate "2016.09.30"]
[EventType "swiss"]
[EventRounds "9"]
[EventCountry "NOR"]
[SourceTitle "EXT 2017"]
[Source "ChessBase"]
[SourceDate "2016.10.25"]
[SourceVersion "1"]
[SourceVersionDate "2016.10.25"]
[SourceQuality "1"]

1. d4 Nf6 2. Bg5 Ne4 3. h4 c5 4. d5 Qb6 5. Nd2 Nxd2 6. Bxd2 Qxb2 7. Nf3 e6 8. e4 Qb6 9. Bc4 Be7 10. Rb1 Qc7 11. Bg5 f6 12. Bd2 e5 13. h5 d6 14. Nh4 0-0 15. Rb3 a6 16. Rg3 b5 17. Be2 f5 18. Nxf5 Bxf5 19. exf5 Rxf5 20. Bg4 Rf8 21. Be6+ Kh8 22. Qg4 Bf6 23. Qg6 Qe7 24. h6 hxg6 25. hxg7+ Kxg7 1-0

[Event "Oslo Stjernens op"]
[Site "Oslo"]
[Date "2016.06.05"]
[Round "4"]
[White "Abdrlauf, Elham"]
[Black "Harstad, Christian"]
[Result "0-1"]
[WhiteElo "1523"]
[BlackElo "1956"]
[PlyCount "72"]
[EventDate "2016.06.05"]
[EventType "swiss"]
[EventRounds "6"]
[EventCountry "NOR"]
[SourceTitle "CBM 173 Extra"]
[Source "ChessBase"]
[SourceDate "2016.08.29"]
[SourceVersion "1"]
[SourceVersionDate "2016.08.29"]
[SourceQuality "1"]

1. d4 Nf6 2. c4 g6 3. Bg5 Bg7 4. Nc3 d6 5. e4 0-0 6. Nf3 c5 7. d5 h6 8. Bh4 b5 9. a3 b4 10. axb4 cxb4 11. Na2 Nxe4 12. Qe2 Nf6 13. Nxb4 Qb6 14. Nd3 e5 15. Nd2 e4 16. Nxe4 Nxe4 17. Qxe4 Bf5 18. Qf3 Re8+ 19. Be2 Bxd3 20. Qxd3 Qxb2 21. Rb1 Rxe2+ 22. Kf1 Qc2 23. Qxc2 Rxc2 24. Re1 Nd7 25. Be7 Bf8 26. Bxf8 Kxf8 27. g3 a5 28. Kg2 a4 29. Ra1 Nc5 30. Ra3 Rb8 31. Rf1 Rbb2 32. h4 Rxc4 33. Re3 Rb3 34. Re2 a3 35. Rfe1 Rb2 36. Re8+ Kg7 0-1

[Event "Blaafarvevarket op"]
[Site "Blaafarvevarket"]
[Date "2016.05.28"]
[Round "3"]
[White "Store, Trond"]
[Black "Harstad, Christian"]
[Result "1-0"]
[WhiteElo "2032"]
[BlackElo "1962"]
[PlyCount "77"]
[EventDate "2016.05.28"]
[EventType "swiss"]
[EventRounds "5"]
[EventCountry "NOR"]
[SourceTitle "EXT 2017"]
[Source "ChessBase"]
[SourceDate "2016.10.25"]
[SourceVersion "1"]
[SourceVersionDate "2016.10.25"]
[SourceQuality "1"]

1. d4 Nf6 2. c4 g6 3. Nc3 Bg7 4. e4 d6 5. Nf3 0-0 6. Be2 e5 7. 0-0 Nc6 8. d5 Ne7 9. b4 Nh5 10. g3 f5 11. Ng5 Nf6 12. Bf3 fxe4 13. Ncxe4 Nxe4 14. Bxe4 c6 15. dxc6 bxc6 16. b5 d5 17. Bg2 h6 18. Nh3 cxb5 19. cxd5 Qd6 20. Qb3 a5 21. Rd1 Bd7 22. Be3 Rac8 23. Bd2 Ra8 24. Rac1 Kh7 25. f4 Nf5 26. Nf2 Nd4 27. Qd3 b4 28. Re1 Bb5 29. Qe3 exf4 30. gxf4 Rae8 31. Ne4 Qa6 32. Rc7 Ne2+ 33. Kh1 Nxf4 34. Ra7 Qc8 35. Rc1 Qf5 36. Rcc7 Rg8 37. Qxf4 Qxf4 38. Bxf4 Kh8 39. Bxh6 1-0

[Event "Nordstrand GP"]
[Site "Oslo"]
[Date "2016.04.15"]
[Round "2"]
[White "Pettersen, Johan"]
[Black "Harstad, Christian"]
[Result "1-0"]
[WhiteElo "1855"]
[BlackElo "1963"]
[PlyCount "115"]
[EventDate "2016.04.15"]
[EventType "swiss"]
[EventRounds "5"]
[EventCountry "NOR"]
[SourceTitle "EXT 2018"]
[Source "ChessBase"]
[SourceDate "2017.10.13"]
[SourceVersion "1"]
[SourceVersionDate "2017.10.13"]
[SourceQuality "1"]

1. e4 e5 2. Bc4 Nf6 3. d3 c6 4. f4 exf4 5. Bxf4 d5 6. exd5 cxd5 7. Bb3 Bb4+ 8. c3 Bd6 9. Qe2+ Be6 10. Bxd6 Qxd6 11. Nf3 Nc6 12. 0-0 0-0-0 13. Na3 a6 14. Ba4 b5 15. Bb3 Rhe8 16. Nc2 Bg4 17. Qf2 Bxf3 18. Qxf3 Re5 19. a4 Rh5 20. Qf4 Qxf4 21. Rxf4 Re5 22. axb5 axb5 23. Nb4 Kb7 24. Nxc6 Kxc6 25. Ra7 Rd7 26. Rxd7 Kxd7 27. Kf2 Kc6 28. Bc2 Re7 29. h3 Ra7 30. Ke3 Re7+ 31. Kd2 Nh5 32. Rf3 Nf6 33. Re3 Ra7 34. Bb3 Kd6 35. Rg3 g6 36. Rf3 Ne8 37. g4 f6 38. h4 h6 39. d4 Rg7 40. Rf1 h5 41. gxh5 gxh5 42. Rf5 Rg2+ 43. Kc1 Rg1+ 44. Kc2 Rg2+ 45. Kb1 Rg4 46. Rxd5+ Kc6 47. Rxh5 Nd6 48. Be6 Rf4 49. Rh8 b4 50. h5 bxc3 51. bxc3 Ne4 52. Kb2 Rf2+ 53. Kb3 Kd6 54. Bc4 Rf3 55. h6 Rxc3+ 56. Kb4 Rh3 57. h7 Ke7 58. Ra8 1-0

[Event "London Classic op 7th"]
[Site "London"]
[Date "2015.12.07"]
[Round "5"]
[White "Harstad, Christian"]
[Black "Jamroz, Krzysztof"]
[Result "1-0"]
[WhiteElo "1954"]
[BlackElo "2103"]
[PlyCount "87"]
[EventDate "2015.12.04"]
[EventType "swiss"]
[EventRounds "9"]
[EventCountry "ENG"]
[SourceTitle "CBM 169 Extra"]
[Source "ChessBase"]
[SourceDate "2015.12.18"]
[SourceVersion "1"]
[SourceVersionDate "2015.12.18"]
[SourceQuality "1"]

1. d4 Nf6 2. c4 e6 3. Nc3 c5 4. d5 exd5 5. cxd5 d6 6. e4 g6 7. h3 Bg7 8. Bd3 0-0 9. Nf3 Na6 10. 0-0 Nc7 11. Re1 a6 12. a4 Rb8 13. a5 b5 14. axb6 Rxb6 15. Nd2 Nb5 16. Nc4 Rb8 17. Bd2 Nd4 18. Bf4 Ne8 19. Ra2 f6 20. Bg3 Bb7 21. Na5 Qb6 22. Nc4 Qc7 23. f4 Qf7 24. f5 Qd7 25. fxg6 hxg6 26. Ne2 f5 27. Nf4 g5 28. Ng6 Rf6 29. exf5 Bf8 30. Qh5 Qg7 31. Qxg5 Bxd5 32. Rxa6 Bf7 33. Ra7 Nc6 34. Rd7 Rd8 35. Rxd8 Nxd8 36. Ne3 Bxg6 37. fxg6 Nc6 38. Qh5 Nd4 39. Bc4+ Ne6 40. Ng4 Rxg6 41. Bxe6+ Rxe6 42. Rxe6 Qd4+ 43. Kh2 Ng7 44. Qg6 1-0

[Event "London Classic op 7th"]
[Site "London"]
[Date "2015.12.05"]
[Round "2"]
[White "Ethelontis, Alexandros N"]
[Black "Harstad, Christian"]
[Result "1-0"]
[WhiteElo "2162"]
[BlackElo "1954"]
[PlyCount "105"]
[EventDate "2015.12.04"]
[EventType "swiss"]
[EventRounds "9"]
[EventCountry "ENG"]
[SourceTitle "CBM 169 Extra"]
[Source "ChessBase"]
[SourceDate "2015.12.18"]
[SourceVersion "1"]
[SourceVersionDate "2015.12.18"]
[SourceQuality "1"]

1. c4 Nf6 2. g3 g6 3. Bg2 Bg7 4. Nc3 0-0 5. d3 d6 6. Rb1 a5 7. a3 Nc6 8. b4 axb4 9. axb4 e5 10. Bg5 h6 11. Bd2 Be6 12. Nd5 Bxd5 13. cxd5 Ne7 14. Qb3 c6 15. dxc6 Nxc6 16. e3 Qb6 17. Ne2 Ra7 18. 0-0 Rfa8 19. Nc3 Ra3 20. Qc4 Ne7 21. b5 d5 22. Qb4 Bf8 23. d4 Nf5 24. Qb2 e4 25. Ra1 Rxa1 26. Rxa1 Rxa1+ 27. Qxa1 Bb4 28. Bf1 Bxc3 29. Qxc3 Qe6 30. Qc7 b6 31. Bb4 Kg7 32. Qd8 Nd7 33. Bh3 h5 34. Kf1 f6 35. Qc7 g5 36. Bxf5 Qxf5 37. Qd6 h4 38. Ke1 Kg6 39. Qc6 Kh5 40. Bd6 Kg4 41. Qc2 Kh3 42. Qe2 Qe6 43. Bc7 Qe7 44. Qf1+ Kg4 45. h3+ Kh5 46. Qe2+ Kg6 47. gxh4 Qb4+ 48. Kf1 f5 49. hxg5 Kxg5 50. Bd8+ Kg6 51. Kg2 Qd6 52. Qc2 Nb8 53. Bc7 1-0

[Event "London Classic op 7th"]
[Site "London"]
[Date "2015.12.04"]
[Round "1"]
[White "Harstad, Christian"]
[Black "Nguyen, Piotr"]
[Result "0-1"]
[WhiteElo "1954"]
[BlackElo "2329"]
[PlyCount "54"]
[EventDate "2015.12.04"]
[EventType "swiss"]
[EventRounds "9"]
[EventCountry "ENG"]
[SourceTitle "CBM 169 Extra"]
[Source "ChessBase"]
[SourceDate "2015.12.18"]
[SourceVersion "1"]
[SourceVersionDate "2015.12.18"]
[SourceQuality "1"]

1. d4 g6 2. c4 Bg7 3. e4 d6 4. Nc3 e5 5. d5 Nd7 6. Be3 Ne7 7. Qd2 f5 8. f3 Nf6 9. h3 Bd7 10. Bd3 c6 11. Nge2 0-0 12. g4 cxd5 13. cxd5 a6 14. 0-0-0 b5 15. a3 Qb8 16. gxf5 gxf5 17. Na2 a5 18. b3 b4 19. a4 Qe8 20. Bc2 Qh5 21. Ng3 Qxf3 22. Nxf5 Nxf5 23. exf5 Ne4 24. Qd3 Ng3 25. Rhf1 Nxf1 26. Rxf1 Qxh3 27. Qe4 Qxf1+ 0-1

[Event "Goteborg op"]
[Site "Molnlycke"]
[Date "2015.08.14"]
[Round "4"]
[White "Wengholm, Anders"]
[Black "Harstad, Christian"]
[Result "1-0"]
[WhiteElo "2193"]
[BlackElo "1948"]
[PlyCount "125"]
[EventDate "2015.08.14"]
[EventType "swiss"]
[EventRounds "8"]
[EventCountry "SWE"]
[SourceTitle "CBM 167 Extra"]
[Source "ChessBase"]
[SourceDate "2015.09.14"]
[SourceVersion "1"]
[SourceVersionDate "2015.09.14"]
[SourceQuality "1"]

1. Nf3 Nf6 2. c4 g6 3. Nc3 d5 4. cxd5 Nxd5 5. Qa4+ Nc6 6. Ne5 Nxc3 7. bxc3 Bd7 8. Nxd7 Qxd7 9. Rb1 Nd8 10. Qe4 Bg7 11. h4 c6 12. Ba3 h5 13. g3 f5 14. Qb4 0-0 15. Bg2 Re8 16. d3 e5 17. 0-0 Qe6 18. Qb3 Rc8 19. Bc5 b6 20. Be3 Qxb3 21. Rxb3 Ne6 22. a4 f4 23. Bd2 fxg3 24. fxg3 Nc5 25. Ra3 e4 26. d4 e3 27. Bc1 Ne4 28. Rf3 Bf8 29. Ra2 Nxc3 30. Rc2 Nd5 31. Rf1 Bg7 32. Rxc6 Rxc6 33. Bxd5+ Rce6 34. Bxe3 Kh7 35. Bxe6 Rxe6 36. Rf3 Re4 37. Kf2 Bxd4 38. Bxd4 Rxd4 39. Rf7+ Kg8 40. Rxa7 Rb4 41. Kf3 Rg4 42. e4 Kf8 43. Rb7 g5 44. hxg5 Rxg5 45. Rxb6 Ra5 46. Rb4 Kg7 47. Kf4 Kg6 48. Rc4 Ra6 49. Rd4 Rf6+ 50. Ke3 Rf1 51. Rd5 Rg1 52. Kf3 Ra1 53. Ra5 Ra3+ 54. Kf4 Ra1 55. Ra6+ Kg7 56. a5 Rf1+ 57. Kg5 Rg1 58. Ra7+ Kf8 59. Kf6 Rf1+ 60. Kg6 Rg1 61. Kf6 Rf1+ 62. Ke6 Rg1 63. Kf6 1-0